00342nam a2200145Ia 4500008004100000020001500041082001400056100001900070245002500089250000800114260002500122300001200147500002500159650001200184230524s9999 xx 000 0 und d a007463349X a5.13bRAV aD.Ravichandran 0aProgramming with C++ a2ND aNEW DELHIbTMHc2004 aXIX;685 aQuantity Number: 11 aComp-Sc